000 01127nam a2200253 a 4500
005 20151107100640.0
008 140620s2003 ck ab gr 00010 spa d
020 _a958973491X
040 _aCO-BoBLA
_cCO-BoBLA
_dCo-BOIAVH
041 _aspa
044 _ack
082 0 4 _a918.6
_bI57a
245 0 0 _aAtlas de paisajes costeros de Colombia /
_ceditado por María Patricia Vides y Paula Cristina Sierra Correa
260 _aSanta Marta :
_bINVEMAR. Vinculado al Ministerio de Ambiente, Vivienda y Desarrollo Territorial :
_bInstituto de Investigaciones Marinas y Costeras "José Benito Vives de Andréis",
_c2003.
300 _a131 páginas :
_bilustraciones, mapas ;
_c42 cm.
490 1 _aSerie publicaciones generales ;
_v6
504 _aIncluye referencias bibliográficas (p. 128-131)
650 4 _aEcología marina
_z Colombia
_v Atlas.
650 _aCostas
_x Descripción
_z Colombia
_v Atlas.
650 4 _aConservación de costas
_z Colombia
_v Atlas.
651 4 _aColombia
_x Descripción
_v Atlas.
700 1 _aVides C., Martha Patricia
_eeditora
942 _2ddc
_cReferencia
999 _c3919
_d3919